[Event "DEM U16w 2025"]
[Site "Willingen GER"]
[Date "2025.06.08"]
[Round "1"]
[White "Oellrich, Emma"]
[Black "Richter, Johanna"]
[Result "1-0"]
[Termination "normal"]
[Board "7"]
[WhiteElo "1824"]
[BlackElo "1834"]
[WhiteClock "00:20:07"]
[BlackClock "00:01:44"]
[PlyCount "59"]
[WhiteFideId "16268806"]
[BlackFideId "16278925"]
[EventCountry "GER"]
[EventRounds "9"]
[EventType "swiss"]
[EventDate "2025.06.07"]

1. d4 {[%clk 01:30:59]} {[%emt 00:00:01]} Nf6 {[%clk 01:30:51]} {[%emt
00:00:09]} 2. c4 {[%clk 01:31:23]} {[%emt 00:00:05]} g6 {[%clk 01:31:18]}
{[%emt 00:00:03]} 3. Nc3 {[%clk 01:31:48]} {[%emt 00:00:05]} d5 {[%clk
01:31:46]} {[%emt 00:00:02]} 4. Nf3 {[%clk 01:32:12]} {[%emt 00:00:05]} Bg7
{[%clk 01:32:06]} {[%emt 00:00:11]} 5. Qb3 {[%clk 01:32:37]} {[%emt 00:00:05]}
dxc4 {[%clk 01:32:25]} {[%emt 00:00:10]} 6. Qxc4 {[%clk 01:33:01]} {[%emt
00:00:07]} Be6 {[%clk 01:32:39]} {[%emt 00:00:16]} 7. Qa4+ {[%clk 01:30:41]}
{[%emt 00:02:50]} Bd7 {[%clk 01:31:10]} {[%emt 00:01:58]} 8. Qc2 {[%clk
01:29:45]} {[%emt 00:01:26]} Bc6 {[%clk 01:24:24]} {[%emt 00:07:18]} 9. e4
{[%clk 01:28:06]} {[%emt 00:02:09]} e6 {[%clk 01:16:27]} {[%emt 00:08:26]} 10.
Bc4 {[%clk 01:22:47]} {[%emt 00:05:49]} O-O {[%clk 01:11:12]} {[%emt 00:05:46]}
11. b4 {[%clk 01:20:21]} {[%emt 00:02:56]} a6 {[%clk 01:07:23]} {[%emt
00:04:20]} 12. a4 {[%clk 01:19:51]} {[%emt 00:00:58]} Nbd7 {[%clk 00:58:15]}
{[%emt 00:09:38]} 13. O-O {[%clk 01:16:22]} {[%emt 00:03:59]} b6 {[%clk
00:49:01]} {[%emt 00:09:45]} 14. Ba3 {[%clk 01:13:23]} {[%emt 00:03:29]} Bb7
{[%clk 00:45:39]} {[%emt 00:03:52]} 15. Qe2 {[%clk 00:59:12]} {[%emt 00:14:41]}
Qc8 {[%clk 00:41:29]} {[%emt 00:04:39]} 16. b5 {[%clk 00:49:46]} {[%emt
00:09:56]} Rd8 {[%clk 00:38:30]} {[%emt 00:03:30]} 17. Rfd1 {[%clk 00:39:25]}
{[%emt 00:10:50]} axb5 {[%clk 00:29:05]} {[%emt 00:09:56]} 18. axb5 {[%clk
00:39:15]} {[%emt 00:00:39]} h6 {[%clk 00:16:41]} {[%emt 00:12:55]} 19. h4
{[%clk 00:36:45]} {[%emt 00:03:00]} Kh7 {[%clk 00:15:31]} {[%emt 00:01:40]} 20.
Ne1 {[%clk 00:35:00]} {[%emt 00:02:14]} c5 {[%clk 00:10:32]} {[%emt 00:05:30]}
21. bxc6 {[%clk 00:32:11]} {[%emt 00:03:19]} Bxc6 {[%clk 00:10:53]} {[%emt
00:00:09]} 22. f3 {[%clk 00:31:30]} {[%emt 00:01:11]} Qb7 {[%emt 00:02:47]} 23.
Nb5 {[%clk 00:31:19]} {[%emt 00:00:13]} Ne8 {[%clk 00:06:42]} {[%emt 00:02:52]}
24. Nc2 {[%clk 00:29:13]} {[%emt 00:02:35]} Bxb5 {[%clk 00:06:18]} {[%emt
00:00:55]} 25. Bxb5 {[%clk 00:29:34]} {[%emt 00:00:08]} Ndf6 {[%clk 00:04:13]}
{[%emt 00:02:35]} 26. Nb4 {[%clk 00:29:42]} {[%emt 00:00:22]} Nc7 {[%clk
00:02:22]} {[%emt 00:02:20]} 27. Bc6 {[%clk 00:29:22]} {[%emt 00:00:50]} Qc8
{[%clk 00:01:42]} {[%emt 00:01:10]} 28. Bxa8 {[%clk 00:29:22]} {[%emt
00:00:30]} Qxa8 {[%clk 00:01:47]} {[%emt 00:00:25]} 29. Bb2 {[%clk 00:20:05]}
{[%emt 00:09:47]} Qb7 {[%clk 00:01:44]} {[%emt 00:00:34]} 30. Rdc1 {[%clk
00:20:07]} {[%emt 00:00:27]} 1-0

[Event "DEM U16w 2025"]
[Site "Willingen GER"]
[Date "2025.06.08"]
[Round "1"]
[White "Wartenberg, Alissa"]
[Black "Halas, Neele Zoe"]
[Result "1/2-1/2"]
[Termination "normal"]
[Board "8"]
[WhiteElo "1850"]
[BlackElo "1804"]
[WhiteClock "00:00:38"]
[BlackClock "00:06:40"]
[PlyCount "68"]
[WhiteFideId "16280741"]
[BlackFideId "16287282"]
[EventCountry "GER"]
[EventRounds "9"]
[EventType "swiss"]
[EventDate "2025.06.07"]

1. e4 {[%clk 01:30:57]} {[%emt 00:00:02]} e5 {[%clk 01:30:34]} {[%emt
00:00:26]} 2. Nf3 {[%clk 01:31:22]} {[%emt 00:00:05]} Nc6 {[%clk 01:31:00]}
{[%emt 00:00:04]} 3. Bb5 {[%clk 01:31:41]} {[%emt 00:00:12]} a6 {[%clk
01:31:25]} {[%emt 00:00:05]} 4. Ba4 {[%clk 01:32:05]} {[%emt 00:00:06]} Nf6
{[%clk 01:31:49]} {[%emt 00:00:06]} 5. O-O {[%clk 01:32:03]} {[%emt 00:00:32]}
Nxe4 {[%clk 01:32:14]} {[%emt 00:00:06]} 6. Re1 {[%clk 01:31:15]} {[%emt
00:01:18]} Nc5 {[%clk 01:32:38]} {[%emt 00:00:06]} 7. Nxe5 {[%clk 01:26:11]}
{[%emt 00:05:34]} Be7 {[%clk 01:24:23]} {[%emt 00:08:45]} 8. Bxc6 {[%clk
01:15:58]} {[%emt 00:10:43]} dxc6 {[%clk 01:24:43]} {[%emt 00:00:11]} 9. d4
{[%clk 01:11:29]} {[%emt 00:04:57]} Ne6 {[%clk 01:25:06]} {[%emt 00:00:07]} 10.
c3 {[%clk 01:10:53]} {[%emt 00:01:06]} O-O {[%clk 01:22:41]} {[%emt 00:02:54]}
11. b4 {[%clk 00:27:56]} {[%emt 00:43:28]} Bf6 {[%clk 00:55:57]} {[%emt
00:27:13]} 12. Nd3 {[%clk 00:21:23]} {[%emt 00:07:03]} Re8 {[%clk 00:46:01]}
{[%emt 00:10:27]} 13. Nd2 {[%clk 00:18:31]} {[%emt 00:03:22]} Ng5 {[%clk
00:36:48]} {[%emt 00:09:43]} 14. f4 {[%clk 00:12:15]} {[%emt 00:06:46]} Rxe1+
{[%clk 00:37:13]} {[%emt 00:00:05]} 15. Qxe1 {[%clk 00:08:22]} {[%emt
00:04:23]} Ne6 {[%clk 00:32:50]} {[%emt 00:04:54]} 16. Bb2 {[%clk 00:07:41]}
{[%emt 00:01:10]} g6 {[%clk 00:28:24]} {[%emt 00:04:56]} 17. Kh1 {[%clk
00:05:27]} {[%emt 00:02:45]} Ng7 {[%clk 00:25:24]} {[%emt 00:03:30]} 18. Qe2
{[%clk 00:03:34]} {[%emt 00:02:22]} Bf5 {[%clk 00:21:28]} {[%emt 00:04:27]} 19.
Ne5 {[%clk 00:03:09]} {[%emt 00:00:55]} Bxe5 {[%clk 00:21:01]} {[%emt
00:00:58]} 20. fxe5 {[%clk 00:02:45]} {[%emt 00:00:52]} Qh4 {[%clk 00:19:47]}
{[%emt 00:01:44]} 21. Nf3 {[%clk 00:02:03]} {[%emt 00:01:12]} Qh5 {[%clk
00:19:03]} {[%emt 00:01:15]} 22. Re1 {[%clk 00:01:07]} {[%emt 00:01:25]} Bg4
{[%clk 00:19:05]} {[%emt 00:00:28]} 23. Rf1 {[%clk 00:00:49]} {[%emt 00:00:48]}
Nf5 {[%clk 00:18:28]} {[%emt 00:01:08]} 24. Qf2 {[%clk 00:01:12]} {[%emt
00:00:07]} Bxf3 {[%clk 00:16:23]} {[%emt 00:02:34]} 25. Qxf3 {[%clk 00:01:39]}
{[%emt 00:00:04]} Qxf3 {[%clk 00:16:33]} {[%emt 00:00:20]} 26. Rxf3 {[%clk
00:01:30]} {[%emt 00:00:38]} a5 {[%clk 00:16:47]} {[%emt 00:00:16]} 27. a3
{[%clk 00:00:40]} {[%emt 00:01:21]} axb4 {[%clk 00:16:47]} {[%emt 00:00:31]}
28. cxb4 {[%clk 00:01:03]} {[%emt 00:00:06]} Ne7 {[%clk 00:16:25]} {[%emt
00:00:52]} 29. Kg1 {[%clk 00:00:59]} {[%emt 00:00:33]} Nd5 {[%clk 00:15:18]}
{[%emt 00:01:38]} 30. Kf2 {[%clk 00:01:02]} {[%emt 00:00:25]} Kf8 {[%clk
00:12:50]} {[%emt 00:03:00]} 31. Ke2 {[%clk 00:00:42]} {[%emt 00:00:50]} Ke7
{[%clk 00:12:29]} {[%emt 00:00:50]} 32. Kd3 {[%clk 00:00:55]} {[%emt 00:00:17]}
Ke6 {[%clk 00:11:21]} {[%emt 00:01:39]} 33. Bc1 {[%clk 00:00:41]} {[%emt
00:00:43]} h5 {[%clk 00:09:23]} {[%emt 00:02:28]} 34. Kc4 {[%clk 00:00:38]}
{[%emt 00:00:33]} Nb6+ {[%clk 00:06:40]} {[%emt 00:03:13]} 1/2-1/2

[Event "DEM U16w 2025"]
[Site "Willingen GER"]
[Date "2025.06.08"]
[Round "1"]
[White "Hoffmann, Svenja"]
[Black "Neininger, Sarah"]
[Result "0-1"]
[Termination "normal"]
[Board "9"]
[WhiteElo "1761"]
[BlackElo "1857"]
[WhiteClock "00:34:50"]
[BlackClock "01:13:28"]
[PlyCount "46"]
[WhiteFideId "16287312"]
[BlackFideId "16287410"]
[EventCountry "GER"]
[EventRounds "9"]
[EventType "swiss"]
[EventDate "2025.06.07"]

1. e4 {[%clk 01:30:56]} {[%emt 00:00:04]} c5 {[%clk 01:30:55]} {[%emt
00:00:05]} 2. Nf3 {[%clk 01:30:42]} {[%emt 00:00:44]} e6 {[%clk 01:31:15]}
{[%emt 00:00:10]} 3. d4 {[%clk 01:30:33]} {[%emt 00:00:39]} cxd4 {[%clk
01:31:37]} {[%emt 00:00:09]} 4. Nxd4 {[%clk 01:30:56]} {[%emt 00:00:06]} Nf6
{[%clk 01:31:58]} {[%emt 00:00:09]} 5. Nc3 {[%clk 01:30:08]} {[%emt 00:01:19]}
Nc6 {[%clk 01:32:19]} {[%emt 00:00:09]} 6. Ndb5 {[%clk 01:28:59]} {[%emt
00:01:39]} Bc5 {[%clk 01:32:10]} {[%emt 00:00:38]} 7. Nd6+ {[%clk 01:19:46]}
{[%emt 00:09:43]} Ke7 {[%clk 01:32:22]} {[%emt 00:00:18]} 8. Bf4 {[%clk
01:11:32]} {[%emt 00:08:45]} e5 {[%clk 01:32:11]} {[%emt 00:00:41]} 9. Nf5+
{[%clk 01:11:19]} {[%emt 00:00:43]} Kf8 {[%clk 01:32:30]} {[%emt 00:00:10]} 10.
Bg5 {[%clk 01:03:00]} {[%emt 00:08:49]} Bb4 {[%clk 01:32:11]} {[%emt 00:00:49]}
11. Bc4 {[%clk 00:51:00]} {[%emt 00:12:31]} d5 {[%clk 01:32:27]} {[%emt
00:00:13]} 12. Bxd5 {[%clk 00:47:28]} {[%emt 00:04:02]} Bxf5 {[%clk 01:29:18]}
{[%emt 00:03:39]} 13. exf5 {[%clk 00:46:38]} {[%emt 00:01:20]} Qxd5 {[%clk
01:29:03]} {[%emt 00:00:46]} 14. Bxf6 {[%clk 00:45:54]} {[%emt 00:01:13]} Qxd1+
{[%clk 01:29:22]} {[%emt 00:00:11]} 15. Rxd1 {[%clk 00:42:29]} {[%emt
00:03:55]} gxf6 {[%clk 01:29:26]} {[%emt 00:00:25]} 16. Rd7 {[%clk 00:41:20]}
{[%emt 00:01:40]} Rd8 {[%clk 01:13:02]} {[%emt 00:16:55]} 17. Rxb7 {[%clk
00:39:00]} {[%emt 00:02:49]} Nd4 {[%clk 01:12:21]} {[%emt 00:01:11]} 18. Rxa7
{[%clk 00:38:31]} {[%emt 00:00:59]} Nxc2+ {[%clk 01:12:37]} {[%emt 00:00:14]}
19. Ke2 {[%clk 00:38:46]} {[%emt 00:00:15]} Nd4+ {[%clk 01:13:00]} {[%emt
00:00:07]} 20. Kf1 {[%clk 00:36:26]} {[%emt 00:02:50]} Bxc3 {[%clk 01:13:08]}
{[%emt 00:00:23]} 21. bxc3 {[%clk 00:35:31]} {[%emt 00:01:25]} Nb5 {[%clk
01:13:03]} {[%emt 00:00:35]} 22. Rb7 {[%clk 00:34:56]} {[%emt 00:01:04]} Rd1+
{[%clk 01:13:13]} {[%emt 00:00:19]} 23. Ke2 {[%clk 00:34:50]} {[%emt 00:00:37]}
Nxc3+ {[%clk 01:13:28]} {[%emt 00:00:14]} 0-1

[Event "DEM U16w 2025"]
[Site "Willingen GER"]
[Date "2025.06.08"]
[Round "1"]
[White "Kopylov, Diana"]
[Black "Fischermann, Charlotte"]
[Result "1-0"]
[Termination "normal"]
[Board "10"]
[WhiteElo "1890"]
[BlackElo "1715"]
[WhiteClock "00:27:47"]
[BlackClock "00:36:45"]
[PlyCount "93"]
[WhiteFideId "16268865"]
[BlackFideId "34619690"]
[EventCountry "GER"]
[EventRounds "9"]
[EventType "swiss"]
[EventDate "2025.06.07"]

1. e4 {[%clk 01:30:58]} {[%emt 00:00:02]} e5 {[%clk 01:30:57]} {[%emt
00:00:03]} 2. Nf3 {[%clk 01:31:21]} {[%emt 00:00:07]} Nc6 {[%clk 01:31:20]}
{[%emt 00:00:06]} 3. d4 {[%clk 01:31:48]} {[%emt 00:00:04]} exd4 {[%clk
01:31:29]} {[%emt 00:00:21]} 4. Nxd4 {[%clk 01:32:12]} {[%emt 00:00:05]} Nf6
{[%clk 01:31:42]} {[%emt 00:00:17]} 5. Nxc6 {[%clk 01:32:36]} {[%emt 00:00:08]}
bxc6 {[%clk 01:32:00]} {[%emt 00:00:11]} 6. e5 {[%clk 01:33:00]} {[%emt
00:00:05]} Nd5 {[%clk 01:31:40]} {[%emt 00:00:50]} 7. c4 {[%clk 01:32:17]}
{[%emt 00:01:14]} Nb6 {[%clk 01:31:11]} {[%emt 00:00:59]} 8. b3 {[%clk
01:32:19]} {[%emt 00:00:28]} d5 {[%clk 01:26:58]} {[%emt 00:04:44]} 9. exd6
{[%clk 01:19:40]} {[%emt 00:13:07]} Bxd6 {[%clk 01:21:37]} {[%emt 00:05:51]}
10. Bd3 {[%clk 01:17:15]} {[%emt 00:02:55]} O-O {[%clk 01:20:32]} {[%emt
00:01:35]} 11. O-O {[%clk 01:16:41]} {[%emt 00:01:05]} Qf6 {[%clk 01:19:05]}
{[%emt 00:01:56]} 12. Qc2 {[%clk 01:12:48]} {[%emt 00:04:23]} Be5 {[%clk
01:15:28]} {[%emt 00:04:07]} 13. Ba3 {[%clk 01:06:53]} {[%emt 00:06:26]} Rd8
{[%clk 01:13:53]} {[%emt 00:02:04]} 14. Nc3 {[%clk 00:53:44]} {[%emt 00:13:39]}
Bxc3 {[%clk 01:12:47]} {[%emt 00:01:36]} 15. Rac1 {[%clk 00:52:55]} {[%emt
00:01:19]} Bd4 {[%emt 00:01:36]} 16. Bxh7+ {[%clk 00:52:37]} {[%emt 00:00:46]}
Kh8 {[%clk 01:11:47]} {[%emt 00:00:26]} 17. Be4 {[%clk 00:52:08]} {[%emt
00:00:59]} g6 {[%clk 01:06:59]} {[%emt 00:05:17]} 18. Rcd1 {[%clk 00:49:50]}
{[%emt 00:02:48]} Bg4 {[%clk 01:04:20]} {[%emt 00:03:09]} 19. Rd3 {[%clk
00:46:11]} {[%emt 00:04:09]} Kg7 {[%clk 00:55:58]} {[%emt 00:08:51]} 20. c5
{[%clk 00:40:01]} {[%emt 00:06:42]} Nd5 {[%clk 00:52:55]} {[%emt 00:03:33]} 21.
Rxd4 {[%clk 00:38:57]} {[%emt 00:01:34]} Kg8 {[%clk 00:44:19]} {[%emt
00:09:06]} 22. Bb2 {[%clk 00:35:35]} {[%emt 00:03:53]} Qg5 {[%clk 00:42:49]}
{[%emt 00:01:58]} 23. Bxd5 {[%clk 00:31:41]} {[%emt 00:04:25]} cxd5 {[%clk
00:41:26]} {[%emt 00:01:53]} 24. Qc3 {[%clk 00:30:44]} {[%emt 00:01:28]} f6
{[%clk 00:38:38]} {[%emt 00:03:17]} 25. Re1 {[%clk 00:24:45]} {[%emt 00:06:30]}
Re8 {[%clk 00:36:16]} {[%emt 00:02:51]} 26. Rxe8+ {[%clk 00:19:34]} {[%emt
00:05:41]} Rxe8 {[%clk 00:36:41]} {[%emt 00:00:05]} 27. h3 {[%clk 00:17:50]}
{[%emt 00:02:14]} Bd7 {[%clk 00:28:05]} {[%emt 00:09:05]} 28. Rd3 {[%clk
00:11:35]} {[%emt 00:06:46]} Kg7 {[%clk 00:23:50]} {[%emt 00:04:44]} 29. c6
{[%clk 00:07:43]} {[%emt 00:04:22]} Be6 {[%clk 00:20:47]} {[%emt 00:03:34]} 30.
Rg3 {[%clk 00:07:24]} {[%emt 00:00:48]} Qe5 {[%clk 00:17:38]} {[%emt 00:03:40]}
31. Qxe5 {[%clk 00:05:50]} {[%emt 00:02:04]} fxe5 {[%clk 00:18:04]} {[%emt
00:00:05]} 32. Bxe5+ {[%clk 00:06:12]} {[%emt 00:00:07]} Kf7 {[%clk 00:17:46]}
{[%emt 00:00:48]} 33. Rf3+ {[%clk 00:05:54]} {[%emt 00:00:47]} Ke7 {[%clk
00:17:49]} {[%emt 00:00:27]} 34. Kf1 {[%clk 00:05:22]} {[%emt 00:01:03]} Rb8
{[%clk 00:16:16]} {[%emt 00:02:01]} 35. Rc3 {[%clk 00:04:42]} {[%emt 00:01:10]}
Kd8 {[%clk 00:15:40]} {[%emt 00:01:06]} 36. Ke2 {[%clk 00:04:07]} {[%emt
00:01:07]} Rb4 {[%clk 00:15:31]} {[%emt 00:00:39]} 37. Bf6+ {[%clk 00:03:20]}
{[%emt 00:01:16]} Ke8 {[%clk 00:14:41]} {[%emt 00:01:20]} 38. Re3 {[%clk
00:02:42]} {[%emt 00:01:08]} Kf7 {[%clk 00:13:34]} {[%emt 00:01:38]} 39. Be5
{[%clk 00:02:24]} {[%emt 00:00:48]} d4 {[%clk 00:10:23]} {[%emt 00:03:42]} 40.
Rf3+ {[%clk 00:01:17]} {[%emt 00:01:36]} Ke7 {[%clk 00:10:32]} {[%emt
00:00:21]} 41. Bxc7 {[%clk 00:00:45]} {[%emt 00:01:02]} Bd5 {[%clk 00:10:24]}
{[%emt 00:00:37]} 42. Rg3 {[%clk 00:30:14]} {[%emt 00:01:02]} Kf7 {[%clk
00:40:16]} {[%emt 00:00:37]} 43. Bd6 {[%clk 00:29:57]} {[%emt 00:00:48]} Rb6
{[%clk 00:39:27]} {[%emt 00:01:17]} 44. c7 {[%clk 00:29:24]} {[%emt 00:01:05]}
Be6 {[%clk 00:37:31]} {[%emt 00:02:25]} 45. Rf3+ {[%clk 00:28:44]} {[%emt
00:01:10]} Kg7 {[%clk 00:37:23]} {[%emt 00:00:38]} 46. Be5+ {[%clk 00:28:25]}
{[%emt 00:00:49]} Kh7 {[%clk 00:36:45]} {[%emt 00:01:09]} 47. Rf8 {[%clk
00:27:47]} {[%emt 00:01:08]} 1-0

[Event "DEM U16w 2025"]
[Site "Willingen GER"]
[Date "2025.06.08"]
[Round "1"]
[White "Weng, Yueyi Elina"]
[Black "Vogt, Luna"]
[Result "0-1"]
[Termination "normal"]
[Board "11"]
[WhiteElo "1805"]
[BlackElo "1773"]
[WhiteClock "00:05:49"]
[BlackClock "00:21:25"]
[PlyCount "74"]
[WhiteFideId "34639896"]
[BlackFideId "34607153"]
[EventCountry "GER"]
[EventRounds "9"]
[EventType "swiss"]
[EventDate "2025.06.07"]

1. e4 {[%clk 01:30:58]} {[%emt 00:00:01]} e6 {[%clk 01:30:53]} {[%emt
00:00:08]} 2. d4 {[%clk 01:31:07]} {[%emt 00:00:20]} d5 {[%clk 01:31:16]}
{[%emt 00:00:06]} 3. Nc3 {[%clk 01:31:20]} {[%emt 00:00:19]} Nf6 {[%clk
01:31:31]} {[%emt 00:00:14]} 4. exd5 {[%clk 01:31:34]} {[%emt 00:00:16]} exd5
{[%clk 01:31:51]} {[%emt 00:00:11]} 5. Bg5 {[%clk 01:31:24]} {[%emt 00:00:39]}
Be7 {[%clk 01:30:36]} {[%emt 00:01:45]} 6. Qd2 {[%clk 01:31:23]} {[%emt
00:00:32]} h6 {[%clk 01:30:26]} {[%emt 00:00:39]} 7. Bh4 {[%clk 01:25:19]}
{[%emt 00:06:34]} a6 {[%clk 01:25:47]} {[%emt 00:05:10]} 8. O-O-O {[%clk
01:19:35]} {[%emt 00:06:14]} b5 {[%clk 01:20:45]} {[%emt 00:05:31]} 9. Re1
{[%clk 01:15:57]} {[%emt 00:04:08]} Be6 {[%clk 01:17:53]} {[%emt 00:03:22]} 10.
f4 {[%clk 01:13:30]} {[%emt 00:02:57]} b4 {[%clk 01:12:27]} {[%emt 00:05:56]}
11. Na4 {[%clk 01:07:57]} {[%emt 00:06:03]} g5 {[%clk 01:12:04]} {[%emt
00:00:53]} 12. fxg5 {[%clk 01:02:56]} {[%emt 00:05:31]} Ne4 {[%clk 01:10:38]}
{[%emt 00:01:56]} 13. Qe3 {[%clk 00:55:28]} {[%emt 00:07:58]} hxg5 {[%clk
01:09:24]} {[%emt 00:01:45]} 14. Bf2 {[%clk 00:52:48]} {[%emt 00:03:08]} g4
{[%clk 01:00:56]} {[%emt 00:08:58]} 15. Bg3 {[%clk 00:48:17]} {[%emt 00:05:01]}
Nc6 {[%clk 00:37:33]} {[%emt 00:23:54]} 16. Ne2 {[%clk 00:45:10]} {[%emt
00:03:36]} Nxg3 {[%clk 00:37:02]} {[%emt 00:01:02]} 17. Rg1 {[%clk 00:42:02]}
{[%emt 00:03:38]} Nxe2+ {[%clk 00:31:51]} {[%emt 00:05:41]} 18. Qxe2 {[%clk
00:41:48]} {[%emt 00:00:43]} Nxd4 {[%clk 00:31:23]} {[%emt 00:00:59]} 19. Qe5
{[%clk 00:40:26]} {[%emt 00:01:51]} Bf6 {[%clk 00:31:38]} {[%emt 00:00:15]} 20.
Qg3 {[%clk 00:40:48]} {[%emt 00:00:09]} Bh4 {[%clk 00:29:49]} {[%emt 00:02:19]}
21. Qe5 {[%clk 00:38:51]} {[%emt 00:02:27]} Qg5+ {[%clk 00:29:17]} {[%emt
00:01:02]} 22. Kb1 {[%clk 00:35:25]} {[%emt 00:03:56]} Qxe5 {[%clk 00:27:21]}
{[%emt 00:02:26]} 23. Rxe5 {[%clk 00:35:42]} {[%emt 00:00:13]} Bf2 {[%clk
00:24:57]} {[%emt 00:02:54]} 24. Rh1 {[%clk 00:36:01]} {[%emt 00:00:10]} Nf5
{[%clk 00:24:28]} {[%emt 00:00:59]} 25. Bd3 {[%clk 00:31:16]} {[%emt 00:05:16]}
Bd4 {[%clk 00:24:25]} {[%emt 00:00:33]} 26. Ree1 {[%clk 00:30:39]} {[%emt
00:01:05]} Ne3 {[%clk 00:24:18]} {[%emt 00:00:38]} 27. c3 {[%clk 00:26:30]}
{[%emt 00:04:40]} bxc3 {[%clk 00:24:04]} {[%emt 00:00:44]} 28. bxc3 {[%clk
00:26:48]} {[%emt 00:00:11]} Ba7 {[%clk 00:24:08]} {[%emt 00:00:26]} 29. Bxa6
{[%clk 00:26:30]} {[%emt 00:00:48]} Rb8+ {[%clk 00:23:36]} {[%emt 00:01:02]}
30. Kc1 {[%clk 00:26:05]} {[%emt 00:00:54]} Nxg2 {[%clk 00:23:29]} {[%emt
00:00:39]} 31. Re5 {[%clk 00:24:55]} {[%emt 00:01:39]} Kd7 {[%clk 00:23:04]}
{[%emt 00:00:55]} 32. Kc2 {[%clk 00:20:05]} {[%emt 00:05:19]} Kd6 {[%clk
00:22:34]} {[%emt 00:01:01]} 33. Re2 {[%clk 00:16:55]} {[%emt 00:03:40]} Nf4
{[%clk 00:22:32]} {[%emt 00:00:33]} 34. Ree1 {[%clk 00:15:44]} {[%emt
00:01:40]} Bf5+ {[%clk 00:21:49]} {[%emt 00:01:14]} 35. Kd2 {[%clk 00:14:43]}
{[%emt 00:01:29]} Be4 {[%clk 00:21:56]} {[%emt 00:00:25]} 36. Rhf1 {[%clk
00:05:33]} {[%emt 00:09:39]} Rxh2+ {[%clk 00:21:37]} {[%emt 00:00:50]} 37. Be2
{[%clk 00:05:49]} {[%emt 00:00:13]} Bf3 {[%clk 00:21:25]} {[%emt 00:00:42]} 0-1